000 00207nam a22000977a 4500
041 _aENG
100 _aGavhane .K A
245 _aHeat Transfer SI Units
260 _aPune
_bNirali Prakasan
_c1999
300 _a1999
999 _c627
_d627